000 00496nam a2200193Ia 4500
003 IIN
005 20240105123039.0
008 231217s9999 xx 000 0 und d
020 _cRs.995.00
_a9789351526667
040 _aIIN
_bEnglish
082 _a610.7362
_bSHA
100 1 _aSharma, Rimple
245 _aEssentials of Pediatric Nursing /
_cRimple Sharma
250 _a3rd ed
260 _bJaypee
_aNew Delhi
_c2021
300 _axix, 493p.
650 1 _aPediatric
_vNursing
942 _cBOOK
999 _c1523
_d1523